|
|
|
|
| LEADER |
01851nam a2200289 a 4500 |
| 001 |
6984 |
| 003 |
BD-DhAAL |
| 008 |
091229s1997 bg a 000 0 eng d |
| 020 |
|
|
|a 9843003039
|
| 040 |
|
|
|a UIU
|c UIU
|d BD-DhAAL
|
| 082 |
0 |
0 |
|a 305.42
|2 21
|
| 100 |
1 |
|
|a Stuart, Rieky,
|d 1945-
|9 14179
|
| 245 |
1 |
3 |
|a BRAC technical manual :
|b an action-learning approach to gender and organizational change /
|c prepared by Rieky Stuart ... [et al.].
|
| 246 |
1 |
7 |
|a BRAC gender and organizational change manual
|
| 246 |
1 |
|
|i At head of title:
|a BRAC technical manual
|
| 264 |
|
|
|a Dhaka :
|b BRAC,
|c c1997.
|
| 300 |
|
|
|a ii, 168 pages :
|b illustrations ;
|c 29 cm.
|
| 541 |
1 |
|
|a BRAC
|e 6984
|
| 650 |
|
0 |
|a Organizational change.
|9 14180
|
| 710 |
2 |
|
|a Bangladesh Rural Advancement Committee.
|9 14181
|
| 852 |
4 |
|
|a Ayesha Abed Library
|c BRAC Resource Section
|
| 942 |
|
|
|2 ddc
|c BK
|
| 999 |
|
|
|c 6567
|d 6567
|
| 952 |
|
|
|0 0
|1 0
|2 ddc
|3 Need to change author mark
|4 0
|6 305_420000000000000_STU
|7 1
|9 76085
|a BRACUL
|b BRACUL
|c BRS
|d 2024-09-01
|e Complimentary copy from BRAC
|g 0.00
|l 0
|o 305.42 STU
|p 3010006984
|r 2024-09-01
|t 1
|w 2024-09-01
|y BK
|x No price found in the accession register.
|
| 952 |
|
|
|0 0
|1 0
|2 ddc
|4 0
|6 305_420000000000000_BRA
|7 1
|9 76086
|a BRACUL
|b BRACUL
|c BRS
|d 2024-09-01
|e Complimentary copy from BRAC
|l 0
|o 305.42 BRA
|p 3010029664
|r 2024-09-01
|t 2
|w 2024-09-01
|y BK
|x Complimentary copy from BRAC
|
| 952 |
|
|
|0 0
|1 0
|2 ddc
|4 0
|6 305_420000000000000_BRA
|7 1
|9 76087
|a BRACUL
|b BRACUL
|c BRS
|d 2024-09-01
|e Complimentary copy from BRAC
|l 0
|o 305.42 BRA
|p 3010030527
|r 2024-09-01
|t 3
|w 2024-09-01
|y BK
|x Complimentary copy from BRAC. No price found in the accession register.
|
| 952 |
|
|
|0 0
|1 0
|2 ddc
|4 0
|6 305_420000000000000_BRA
|7 1
|9 76088
|a BRACUL
|b BRACUL
|c BRS
|d 2024-09-01
|e Complimentary copy from BRAC
|l 0
|o 305.42 BRA
|p 3010030528
|r 2024-09-01
|t 4
|w 2024-09-01
|y BK
|x Complimentary copy from BRAC; Price not available in register.
|